| 000 | 01149cam a2200241 4500 | ||
|---|---|---|---|
| 001 | WB3830-20 | ||
| 008 | 020815n2002 000 0 eng u | ||
| 035 | _a(Sirsi) u119348 | ||
| 245 | _aOffice markets unlinked | ||
| 260 | _c2002 | ||
| 490 |
_aRICS Press Release _v13 August 2002, (1) |
||
| 520 | _aFPD Savills report claims central London office investment and leasing markets are becoming increasingly unlinked. Demand for some types of central London office investment is outstripping supply but in contrast office take-up was below average in the City, West End and Docklands. For the FPD Savills report: http://www.fpdsavills.co.uk/research.asp?content=%5Cuber%5Fresearch%5C2361%2Ehtm&subcategory=none&contenttype=research&category=For the RICS News Release: http://www.rics.org/ricscms/bin/show?class=News&template=/includes/shownews.html&id=3418 | ||
| 590 | _aWB | ||
| 650 | _aFPD SAVILLS | ||
| 650 | _aOFFICE INVESTMENT | ||
| 650 | _aLEASING MARKETS | ||
| 650 | _aCENTRAL LONDON | ||
| 650 | _aWEST END OF LONDON | ||
| 650 | _aCITY | ||
| 650 | _aDOCKLANDS | ||
| 690 | _aPROPERTY MANAGEMENT-COMMERCIAL PROPERTY | ||
| 942 | _n0 | ||
| 999 |
_c70962 _d70962 |
||